Jazykovedný zborník 2 jazykovedný zborník venovaný Prof. PhDr. Štefanovi Tóbikovi, CSc, k šesťdesiatym narodeninám

Bibliographic Details
Other Authors: Vaško, Imrich, 1936-2010 (Compiler)
Format: Book
Language:Slovak
PhysicalDescription:251 s. 24 cm
Published: Bratislava Slovenské pedagogické nakladateľstvo 1969
Series:Acta Facultatis Philosophicae Šafarikanae Prešovensis
Subjects:

MARC

LEADER 00000nam a2200000 a 4500
001 vtls001418497
003 SK-MaSNL
005 20260301012723.0
008 210928s1969 xo 00000 slo
015 |a SNBA1969 
035 |a SNK000373298 
040 |a SNK  |b slo  |c SNK  |e AACR2 
041 0 |a slo 
044 |a xo  |c SK 
245 0 0 |a Jazykovedný zborník 2  |b jazykovedný zborník venovaný Prof. PhDr. Štefanovi Tóbikovi, CSc, k šesťdesiatym narodeninám 
260 |a Bratislava  |b Slovenské pedagogické nakladateľstvo  |c 1969 
300 |a 251 s.  |c 24 cm 
490 1 |a Acta Facultatis Philosophicae Šafarikanae Prešovensis 
504 |a Bibliogr. 
650 0 7 |a lingvistika  |2 SNKPH  |9 860 
655 7 |a zborníky  |2 SNKPH  |9 70165 
700 1 |a Vaško, Imrich,  |d 1936-2010  |4 com  |9 206049 
710 2 |a Univerzita Pavla Jozefa Šafárika v Košiciach.  |b Filozofická fakulta v Prešove  |4 pbl  |9 63087 
830 0 |a Acta Facultatis Philosophicae Šafarikanae Prešovensis  |9 298215 
958 |a OND 
999 |c 554233  |d 556163 
952 |a SNK  |b SNK  |y PREZ  |7 0  |p 17A0309422  |o snkČSC 1025/1969/2  |i snkKSP 3186/71  |0 0  |1 0  |4 0  |d 2001-08-10  |l 0  |r 2005-01-02 00:00:00  |w 2026-02-23